| 000 | 00484nam a2200157 i 4500 | ||
|---|---|---|---|
| 001 | 36552 | ||
| 003 | ES-MaACL | ||
| 005 | 20230906155406.0 | ||
| 007 | t| | ||
| 008 | 030218s1969 pr ||||1| spa d | ||
| 100 | 1 |
_aBraschi, Wilfredo. _931386 |
|
| 245 | 1 | 0 |
_aNuevas relaciones públicas _b: ensayo de teoría y práctica / _cWilfredo Braschi. |
| 260 |
_aSan Juan de Puerto Rico : _bJuan Ponce de León, _c1969. |
||
| 300 |
_a234 p. ; _c22 cm. |
||
| 852 |
_aES-MaACL _jC-38643 _bR.69621 |
||
| 999 |
_c36552 _d36552 |
||